000 00680nam a2200217Ia 4500
003 GCL
008 140319s9999 xx 000 0 ara d
020 _a3167800977
040 _aGCL /
_cGCL
082 0 4 _a933
_bي ا
100 1 _aيوسف محمود يوسف
245 1 0 _aاسرائيل البداية والنهاية /
_cيوسف محمود يوسف
250 _aالثانية
260 _aالقاهرة :
_bيوسف محمود يوسف ،
_c1997
300 _a377 ص ؛
_c24سم
650 0 4 _aالنزاع العربى الاسرائيلى
650 0 4 _aاليهودية
650 0 4 _aاسرائيل
650 0 4 _aاسرائيل - تاريخ
942 _2ddc
_cBK
999 _c6519
_d6519